Transformation and Weighting in Regression

Αποθηκεύτηκε σε:
Λεπτομέρειες βιβλιογραφικής εγγραφής
Κύριος συγγραφέας: Carroll, Raymond J.
Άλλοι συγγραφείς: Ruppert, David 1948-
Μορφή: Βιβλίο
Γλώσσα:English
Δημοσίευση: New York : Chapman and Hall, 1988
Σειρά:Monographs on statistics and applied probability
Θέματα:
Ετικέτες: Προσθήκη ετικέτας
Δεν υπάρχουν, Καταχωρήστε ετικέτα πρώτοι!

MARC

LEADER 00000nam a2200000 i 4500
001 1/93531
008 940524s1988 eng d
020 |a 0-412-01421-1 
035 |l 10008863 
040 |a GR-MY-UA  |b gre  |e aacr 
041 0 |a eng 
082 0 |a 519.536 
100 1 |a Carroll, Raymond J. 
245 1 0 |a Transformation and Weighting in Regression /  |c Raymond J. Carroll; David Ruppert 
260 |a New York :   |b Chapman and Hall,   |c 1988 
300 |a 249 p.  |b fig. 
490 1 |a Monographs on statistics and applied probability 
504 |a Includes bibliographical references and index 
650 0 0 |a Regression analysis. 
650 0 0 |a Analysis of variance. 
650 0 0 |a Estimation theory. 
700 1 |a Ruppert, David  |d 1948- 
830 0 |a Monographs on statistics and applied probability 
852 |a INST  |b LESVOS  |e 19940524  |h 519.536 CAR  |p 005100006180  |q 005100006180  |t BK  |y 0 
909 |a Λ  |b 022718